| 000 | 00452nam a2200169Ia 4500 | ||
|---|---|---|---|
| 008 | 230718s9999 xx 000 0 und d | ||
| 020 | _a9780070483743 | ||
| 041 | _aeng | ||
| 082 |
_a621 _bMAH |
||
| 100 |
_aMahalik N.P. _9152400 |
||
| 245 |
_aMechatronics _bPrinciples Concepts and Applications |
||
| 260 |
_c2003 _bTata Mc Graw-Hill |
||
| 300 | _a589 | ||
| 365 |
_cRs. _b275.00 |
||
| 700 |
_aMahalik N.P. _9152400 |
||
| 906 |
_d116/30/4/05 _cINST _b55 |
||
| 999 |
_c310672 _d310672 |
||